000 00551nam a22001937a 4500
001 4013587
005 20240130061844.0
008 970626s1929 ii a 000 0 eng
020 _a8120605241
040 _aDLC
_cDLC
082 _222
_a306
_bHAR.
100 1 _aChakladar, Haran Chandra.
245 1 0 _aSocial life in ancient India
_bstudies in Vātsyāyana's Kāmasūtra /
_cHaran Chandra Chakladar.
260 _aCalcutta :
_bBr̥hattara Bhārata Pariṣad,
_c1929
300 _aii . 212 p.,
650 _ahistory.
650 _aculture
942 _cL
999 _c249
_d249